000 00643nam a22002297a 4500
999 _c8666
_d8666
003 AR-CdUCM
008 190325b ||||| |||| 00| 0 spa d
020 _a956-7158-32-0
040 _aMUNICIPALIDAD PROVINCIAL DEL CUSCO
_cBIBLIOTECA MUNICIPAL DEL CUSCO
082 _a869.33 /
_bB15
100 _aBaeza, Hernán
_924224
245 _aMaría Angola /
260 _aSantiago :
_bLa trastienda,
_bColección Pez Luna,
300 _a129 paginas ;
_c21 cm.
500 _aPoemas
650 _aPoesias
_95433
650 _aLiteratura
_983
650 _aChile
_91150
700 _aChambi, Allain
_924225
942 _2ddc
_cLIBROS
945 _apjha